| 000 | 00514nam a2200205Ia 4500 | ||
|---|---|---|---|
| 005 | 20240823012604.0 | ||
| 008 | 240823s9999||||xx |||||||||||||| ||und|| | ||
| 020 | _a1-898563-58-6 | ||
| 041 | _aENGLISH | ||
| 082 | _A621.3815324 N8 | ||
| 100 | _aBozic S M | ||
| 245 | 0 | _aDigital Filters and Signal Processing in Electronic Engineering | |
| 250 | _a1st | ||
| 260 |
_c1998 _b"Horwood,England" |
||
| 500 | _aYES | ||
| 650 |
_aFilters _bElectronics |
||
| 700 | _a Chance R J | ||
| 942 | _cBK | ||
| 999 |
_c164834 _d164834 |
||